000 nam a22 a 4500
999 _c38922
_d38922
003 BLK
005 20211216095000.0
008 180408b bul|||||r ||||||| ||bul||
010 _aKNG00042193000
040 _aBLK
041 _aBUL
_cBUL
080 _aФренска литература
_b821.133.1
_x-31
_z821.133.1-31
100 1 _aГамара, Пиер
_eпърви автор
_950846
139 _aГамара, Пиер
_bГ 18
245 1 0 _aС черен хляб
_bРоман
_cПиер Гамара; прев. от фр. Стефан Хантов; худож. Иван Кожухаров.
257 _aFRA
260 _bНар. младеж
_c1961
_fСофия : Д. Благоев
_aСофия
300 _a152 с.
_c21 см
380 _aX
500 _a10 000 тир.
700 1 _aХантов, Стефан
_eпрев. от фр.
_9136109
700 1 _aКожухаров, Иван
_eхудож.
_9367484
852 _aЦб 19073
856 4 _qpdf
856 4 _qpdf
942 _cKNG
_n0
_s1
944 _aCR
_c25.04.2014
_lф /
_kСимона_Петрова
944 _aED
_c25.04.2014
_lф /
944 _aED
_c2021-12-16
_l2021-12-16
_kВК
999 _d38922